[Event "Monza und Brianza Province-ch"]
[Site "Barlassina"]
[Date "2012.02.05"]
[Round "4"]
[White "Calandriello, Michele"]
[Black "Puppi, Simone"]
[Result "1-0"]
[WhiteElo "1595"]
[BlackElo "1648"]
[PlyCount "147"]
[EventDate "2012.02.03"]
[EventType "swiss"]
[EventRounds "5"]
[EventCountry "ITA"]
[SourceTitle "EXT 2024"]
[Source "ChessBase"]
[SourceDate "2023.10.10"]
[SourceVersion "1"]
[SourceVersionDate "2023.10.10"]
[SourceQuality "1"]

1. d4 d5 2. c4 c6 3. Nf3 Nf6 4. Nc3 g6 5. e3 Bg7 6. Be2 0-0 7. 0-0 Nbd7 8. c5 Qc7 9. Qc2 e5 10. dxe5 Nxe5 11. Nxe5 Qxe5 12. b4 Bg4 13. Bb2 Bxe2 14. Nxe2 Qh5 15. Nd4 Ng4 16. h3 Ne5 17. Qd1 Qh4 18. Rb1 Rfe8 19. Nf3 Qe7 20. Nxe5 Bxe5 21. Bxe5 Qxe5 22. Re1 a6 23. Qd4 Qc7 24. a3 Re4 25. Qd3 Rae8 26. Red1 Qe5 27. Rbc1 Qb2 28. Rc2 Qe5 29. Rcc1 Rd8 30. Qd2 Qg5 31. Qc3 d4 32. exd4 Rdxd4 33. Rxd4 Rxd4 34. Re1 Qf6 35. Qe3 Rf4 36. f3 Kg7 37. Kh2 Qd4 38. Qxd4+ Rxd4 39. Re7 Rd3 40. a4 Rd4 41. Rxb7 Kf6 42. Rb6 Ke7 43. Rxc6 Rxb4 44. Rxa6 Rb7 45. Kg3 Rc7 46. Ra5 h6 47. Kf4 f5 48. Rb5 Ke6 49. a5 g5+ 50. Kg3 h5 51. h4 f4+ 52. Kh3 Kd5 53. hxg5 Kc6 54. Rb4 Kxc5 55. Rxf4 Kd5 56. Kh4 Ke5 57. Rf6 Rh7 58. Rf8 Ke6 59. Rf6+ Ke5 60. a6 Re7 61. Kxh5 Rd7 62. f4+ Ke4 63. f5 Kf4 64. Kh6 Ke3 65. g4 Ra7 66. Re6+ Kf4 67. Kg6 Ra8 68. Kf7 Kxg5 69. Rg6+ Kf4 70. Kg7 Ke5 71. f6 Ke6 72. f7+ Ke7 73. Rf6 Rf8 74. Re6+ 1-0

[Event "Vimercate op 5th"]
[Site "Vimercate"]
[Date "2011.11.27"]
[Round "4"]
[White "Calandriello, Michele"]
[Black "Fornari, Sergio"]
[Result "0-1"]
[WhiteElo "1614"]
[BlackElo "1661"]
[PlyCount "90"]
[EventDate "2011.11.25"]
[EventType "swiss"]
[EventRounds "5"]
[EventCountry "ITA"]
[SourceTitle "EXT 2014"]
[Source "ChessBase"]
[SourceDate "2013.11.20"]
[SourceVersion "1"]
[SourceVersionDate "2013.11.20"]
[SourceQuality "1"]

1. d4 g6 2. c4 Bg7 3. Nc3 d6 4. e4 Nd7 5. Nf3 e5 6. Be2 Ne7 7. h4 exd4 8. Nxd4 a6 9. h5 Ne5 10. Be3 Bd7 11. f4 N5c6 12. g4 Ng8 13. g5 h6 14. hxg6 fxg6 15. Nxc6 Bxc6 16. Qd2 Qe7 17. Bd4 0-0-0 18. Bg4+ Kb8 19. Bf3 Qf8 20. Bxg7 Qxg7 21. 0-0-0 Ne7 22. Nd5 Nxd5 23. exd5 Ba4 24. Rde1 h5 25. Re3 Rde8 26. Rhe1 Rxe3 27. Rxe3 Re8 28. Rxe8+ Bxe8 29. Qe3 Qd7 30. b3 Qf7 31. Qe4 Bd7 32. Qe3 Bf5 33. Bh1 Qd7 34. Kd2 h4 35. Qd4 h3 36. Bf3 Bg4 37. Be4 Qe7 38. Qd3 Qf7 39. Qe3 Qh7 40. Kc2 h2 41. Bh1 Bf5+ 42. Kb2 Qh8+ 43. Ka3 Qa1 44. Qf3 Qc1+ 45. Kb4 a5+ 0-1

[Event "Vimercate op 5th"]
[Site "Vimercate"]
[Date "2011.11.26"]
[Round "2"]
[White "Calandriello, Michele"]
[Black "Panades, Ignazio"]
[Result "0-1"]
[WhiteElo "1614"]
[BlackElo "1737"]
[PlyCount "76"]
[EventDate "2011.11.25"]
[EventType "swiss"]
[EventRounds "5"]
[EventCountry "ITA"]
[SourceTitle "EXT 2014"]
[Source "ChessBase"]
[SourceDate "2013.11.20"]
[SourceVersion "1"]
[SourceVersionDate "2013.11.20"]
[SourceQuality "1"]

1. d4 Nf6 2. c4 e6 3. Nc3 Bb4 4. e3 b6 5. Nge2 Bb7 6. a3 Be7 7. Ng3 d6 8. e4 Nbd7 9. Be2 0-0 10. 0-0 c5 11. d5 exd5 12. cxd5 Re8 13. Bf4 a6 14. Nf5 Nf8 15. Qd3 Bc8 16. g4 Bxf5 17. gxf5 N8d7 18. Qg3 b5 19. b4 c4 20. Bf3 Nb6 21. Rae1 Bf8 22. Kh1 Ra7 23. Rg1 g6 24. fxg6 fxg6 25. Bg5 Be7 26. Ne2 Nxe4 27. Bxe4 Bxg5 28. Nd4 Bh4 29. Qg2 Qf6 30. Nf3 Rg7 31. Qg4 Bxf2 32. Rgf1 Bxe1 33. Rxe1 Rge7 34. Ng5 Nd7 35. Ne6 Ne5 36. Qg2 Qh4 37. Rf1 Rf7 38. Rg1 Rf2 0-1

[Event "Bresso op 5th"]
[Site "Bresso"]
[Date "2006.06.16"]
[Round "2"]
[White "Calandriello, Michele"]
[Black "Giancola, Andrea"]
[Result "0-1"]
[WhiteElo "1440"]
[BlackElo "1592"]
[PlyCount "68"]
[EventDate "2006.06.15"]
[EventType "swiss"]
[EventRounds "6"]
[EventCountry "ITA"]
[SourceTitle "CBM 112 Extra"]
[Source "ChessBase"]
[SourceDate "2006.07.14"]
[SourceVersion "1"]
[SourceVersionDate "2006.07.14"]
[SourceQuality "1"]

1. e4 e6 2. d4 d5 3. e5 c5 4. c3 Nc6 5. Nf3 Nge7 6. Be2 Ng6 7. 0-0 Be7 8. Re1 c4 9. Nbd2 b5 10. b3 a5 11. a4 b4 12. Qc2 Ba6 13. bxc4 bxc3 14. Qxc3 Bb4 15. Qe3 dxc4 16. d5 exd5 17. e6 0-0 18. exf7+ Rxf7 19. Ng5 Re7 20. Qh3 h6 21. Ngf3 Nf4 22. Qf5 Nxe2+ 23. Kf1 Ned4 24. Rxe7 c3+ 25. Kg1 Nxf5 26. Re1 cxd2 27. Bxd2 Qf6 28. Rad1 Bc4 29. Bxb4 axb4 30. h3 Ncd4 31. Rc1 Nxf3+ 32. gxf3 Nh4 33. Re3 Qg5+ 34. Kh2 Qg2# 0-1